| 000 | 01019nam a22002057a 4500 | ||
|---|---|---|---|
| 003 | JO-AjAnu | ||
| 005 | 20240605134410.0 | ||
| 008 | 240324b jo ||||| |||| 00| 0 ara d | ||
| 040 |
_cANU _bara _aJO-AjAnu |
||
| 041 | 0 |
_aara _eara |
|
| 050 |
_aLC4704 _b2024 |
||
| 100 |
_aالزغول، إيناس يوسف _eمؤلف _965117 |
||
| 245 |
_aالكمالية العصابية وعلاقتها بالاكتناز القهري لدى الطلبة ذوي صعوبات التعلم = Neurotic Perfectionism and its Relationship to Compulsive Hoarding Behavior Among Students with Learning Disabilities _c / اعداد إيناس يوسف الزغول ؛ اشراف ريم عبدالله الكناني |
||
| 260 | _c2024 | ||
| 300 | _a96 ورقة | ||
| 500 | _aرسالة جامعية (ماجستير)- تخصص التربية الخاصة/كلية العلوم التربوية، 2024 | ||
| 650 | _vصعوبات التعلم | ||
| 700 |
_aالكناني، ريم عبدالله _964923 _eمشرف |
||
| 942 |
_2lcc _cTHS _n0 |
||
| 999 |
_c33336 _d33336 |
||